000 00504nam a2200193 4500
003 LK-CoMWRAF
005 20240103115347.0
008 230906b1993 |||||||| |||| 00| 0 eng d
020 _a0721415636
040 _aLK-CoMWRAF
_dLK-CoMWRAF
_eLK-CoMWRAF
041 _aeng
082 _a823
_bHOL
245 _aFavourite Tales :
_bThe little red hen
250 _aInternational edition
260 _aIndia :
_bLadybird,
_c1993
650 _aChildren story
700 _aHolmes, Stephen
_eills.
942 _cBK
999 _c3436
_d3436